<?xml version="1.0" encoding="UTF-8"?>
<collection xmlns="http://www.loc.gov/MARC21/slim">
 <record>
  <leader>02126pam a22002538a 4500</leader>
  <controlfield tag="001">00021789</controlfield>
  <controlfield tag="005">20171026081023.0</controlfield>
  <controlfield tag="008">110526s2005                  ||||||Viesd</controlfield>
  <datafield tag="041" ind1="0" ind2="#">
   <subfield code="a">Vie</subfield>
  </datafield>
  <datafield tag="082" ind1="1" ind2="4">
   <subfield code="a">621.3</subfield>
   <subfield code="b">Đ305K</subfield>
  </datafield>
  <datafield tag="100" ind1="0" ind2="#">
   <subfield code="a">Phan Trần Hùng</subfield>
  </datafield>
  <datafield tag="245" ind1="0" ind2="0">
   <subfield code="a">Điện kĩ thuật</subfield>
   <subfield code="b">Giáo trình cao đẳng sư phạm</subfield>
   <subfield code="c">Phan Trần Hùng</subfield>
  </datafield>
  <datafield tag="260" ind1="#" ind2="#">
   <subfield code="a">H.</subfield>
   <subfield code="b">Đại học sư phạm</subfield>
   <subfield code="c">2005</subfield>
  </datafield>
  <datafield tag="300" ind1="#" ind2="#">
   <subfield code="a">227 tr.</subfield>
   <subfield code="c">24 cm.</subfield>
  </datafield>
  <datafield tag="500" ind1="#" ind2="#">
   <subfield code="a">Sách nhà nước đặt hàng</subfield>
  </datafield>
  <datafield tag="650" ind1="#" ind2="4">
   <subfield code="a">Kĩ thuật điện</subfield>
  </datafield>
  <datafield tag="651" ind1=" " ind2=" ">
   <subfield code="a">Máy điện</subfield>
  </datafield>
  <datafield tag="653" ind1="#" ind2="#">
   <subfield code="a">Mạch điện</subfield>
  </datafield>
  <datafield tag="852" ind1="#" ind2="#">
   <subfield code="b">Kho mượn</subfield>
   <subfield code="j">KGT.0010468</subfield>
  </datafield>
  <datafield tag="852" ind1="#" ind2="#">
   <subfield code="b">Kho đọc</subfield>
   <subfield code="j">KD.0006384</subfield>
  </datafield>
  <datafield tag="852" ind1="#" ind2="#">
   <subfield code="j">KGT.0010468, KGT.0010469, KGT.0010470, KGT.0010471, KGT.0010472, KGT.0010473, KGT.0010474, KGT.0010475, KGT.0010476, KGT.0010477, KGT.0010478, KGT.0010479, KGT.0010480, KGT.0010481, KGT.0010482, KGT.0010483, KGT.0010484, KGT.0010485, KGT.0010486, KGT.0010487, KGT.0010488, KGT.0010489, KGT.0010490, KGT.0010491, KGT.0010492, KGT.0010493, KGT.0010494, KGT.0010495, KGT.0010496, KGT.0010497, KGT.0010498, KGT.0010499, KGT.0010500, KGT.0010501, KGT.0010502, KGT.0010503, KGT.0010504, KGT.0010505, KGT.0010506, KGT.0010507, KGT.0010508, KGT.0010509, KGT.0010510, KGT.0010511, KGT.0010512, KGT.0010513, KGT.0010514, KGT.0010515, KGT.0010516</subfield>
   <subfield code="b">Kho giáo trình</subfield>
  </datafield>
  <datafield tag="852" ind1="#" ind2="#">
   <subfield code="j">KGT.0010469</subfield>
   <subfield code="j">KGT.0010470</subfield>
   <subfield code="j">KGT.0010471</subfield>
   <subfield code="j">KGT.0010473</subfield>
   <subfield code="j">KGT.0010474</subfield>
   <subfield code="j">KGT.0010475</subfield>
   <subfield code="j">KGT.0010477</subfield>
   <subfield code="j">KGT.0010478</subfield>
   <subfield code="j">KGT.0010480</subfield>
   <subfield code="j">KGT.0010481</subfield>
   <subfield code="j">KGT.0010483</subfield>
   <subfield code="j">KGT.0010484</subfield>
   <subfield code="j">KGT.0010486</subfield>
   <subfield code="j">KGT.0010488</subfield>
   <subfield code="j">KGT.0010489</subfield>
   <subfield code="j">KGT.0010491</subfield>
   <subfield code="j">KGT.0010492</subfield>
   <subfield code="j">KGT.0010494</subfield>
   <subfield code="j">KGT.0010495</subfield>
   <subfield code="j">KGT.0010515</subfield>
   <subfield code="j">KGT.0010497</subfield>
   <subfield code="j">KGT.0010498</subfield>
   <subfield code="j">KGT.0010499</subfield>
   <subfield code="j">KGT.0010500</subfield>
   <subfield code="j">KGT.0010502</subfield>
   <subfield code="j">KGT.0010503</subfield>
   <subfield code="j">KGT.0010505</subfield>
   <subfield code="j">KGT.0010507</subfield>
   <subfield code="j">KGT.0010508</subfield>
   <subfield code="j">KGT.0010510</subfield>
   <subfield code="j">KGT.0010511</subfield>
   <subfield code="j">KGT.0010513</subfield>
   <subfield code="j">KD.0006384</subfield>
   <subfield code="j">KGT.0010468</subfield>
   <subfield code="j">KGT.0010472</subfield>
   <subfield code="j">KGT.0010476</subfield>
   <subfield code="j">KGT.0010479</subfield>
   <subfield code="j">KGT.0010482</subfield>
   <subfield code="j">KGT.0010485</subfield>
   <subfield code="j">KGT.0010487</subfield>
   <subfield code="j">KGT.0010490</subfield>
   <subfield code="j">KGT.0010493</subfield>
   <subfield code="j">KGT.0010496</subfield>
   <subfield code="j">KGT.0010501</subfield>
   <subfield code="j">KGT.0010504</subfield>
   <subfield code="j">KGT.0010506</subfield>
   <subfield code="j">KGT.0010509</subfield>
   <subfield code="j">KGT.0010512</subfield>
   <subfield code="j">KGT.0010514</subfield>
   <subfield code="j">KGT.0010516</subfield>
  </datafield>
  <datafield tag="910" ind1="0" ind2="#">
   <subfield code="a">Hoa Lê</subfield>
   <subfield code="d">26/05/2011</subfield>
  </datafield>
  <datafield tag="980" ind1="#" ind2="#">
   <subfield code="a">Trung tâm Học liệu Lê Vũ Hùng, Trường Đại học Đồng Tháp</subfield>
  </datafield>
 </record>
</collection>
